| 000 | 00382nam a2200169Ia 4500 | ||
|---|---|---|---|
| 999 |
_c100727 _d100727 |
||
| 003 | 0100 | ||
| 005 | 20171207103457.0 | ||
| 008 | 130307s9999 xx 000 0 und d | ||
| 040 | _cARRUPELIB | ||
| 050 | _aGN645.F3 | ||
| 100 |
_aFanon, Frantz _931733 |
||
| 245 | _aPeau noire masques blancs | ||
| 260 | _bEditions du Seuil | ||
| 260 | _c1952 | ||
| 300 | _a188p. | ||
| 300 | _b17cm | ||
| 650 |
_aBlack race _xRacism _937987 |
||
| 942 |
_2lcc _cMONOGRAPH |
||